Movie Professions #2 - Statistics

General Stats
  • This quiz has been taken 32,901 times
    24,763 since last reset
  • The average score is 10 of 20
Answer Stats
Character Profession % Correct
Sherlock Holmes Detective
96%
Austin Powers Spy
81%
Mrs. Doubtfire Nanny
77%
Albus Dumbledore Headmaster
76%
Happy Gilmore Golfer
74%
Obi-Wan Kenobi Jedi
73%
Bruce Banner Scientist
64%
John Rambo Soldier
61%
Jerry Maguire Agent
60%
Norman Bates Hotel Owner
59%
Vinny Gambini Lawyer
59%
Ricky Bobby Racecar Driver
58%
Iceman Fighter Pilot
43%
Dirk Diggler Porn Star
34%
Gaston Huntsman
27%
Erin Brockovich Paralegal
22%
Vivian Ward Prostitute
21%
Dr. King Schultz Bounty Hunter
19%
Crash Davis Baseball Player
14%
Seneca Crane Head Gamesmaker
10%
No matching quizzes found
Score Distribution
Percent of People with Each Score
Percentile by Number Answered
Your Score History
You have not taken this quiz since the last reset